Legal aspects of crime investigation in the public schools

Saved in:  
Bibliographic Details
Main Author: Buss, William G. (Author)
Format: Print Book
Language:English
Published: Topeka Nat. Organization on Legal Problems of Education 1971
In: NOLPE monograph series (4)
Year: 1971
Availability in Tübingen:Present in Tübingen.
UB: KB 2 A 481-9
Check availability: HBZ Gateway
Subito Delivery Service: Order now.

MARC

LEADER 00000cam a22000002c 4500
001 1094846481
003 DE-627
005 20251224220608.0
007 tu
008 910716s1971 xx ||||| 00| ||eng c
035 |a (DE-627)1094846481 
035 |a (DE-576)024846481 
035 |a (DE-599)BSZ024846481 
035 |a (OCoLC)00646949 
040 |a DE-627  |b ger  |c DE-627  |e rakwb 
041 |a eng 
082 0 |a 344/.73/0973 
100 1 |a Buss, William G.  |4 aut 
245 1 0 |a Legal aspects of crime investigation in the public schools  |c William G. Buss 
264 1 |a Topeka  |b Nat. Organization on Legal Problems of Education  |c 1971 
300 |a 73 S. 
336 |a Text  |b txt  |2 rdacontent 
337 |a ohne Hilfsmittel zu benutzen  |b n  |2 rdamedia 
338 |a Band  |b nc  |2 rdacarrier 
490 1 |a NOLPE monograph series  |v 4 
490 1 |a ERIC/CEM state-of-the-knowledge series  |v 10 
583 1 |a Archivierung prüfen  |c 20200919  |f DE-640  |z 2  |2 pdager 
810 2 |a National Organization on Legal Problems of Education  |t NOLPE monograph series  |v 4  |9 4  |w (DE-627)1094845930  |w (DE-576)024845930  |7 am 
810 2 |a Clearinghouse on Education Management  |g Washington, DC  |t ERIC/CEM state-of-the-knowledge series  |v 10  |9 10  |w (DE-627)1094846295  |w (DE-576)024846295  |7 am 
951 |a BO 
ELC |b 1 
LOK |0 000 xxxxxcx a22 zn 4500 
LOK |0 001 2167885334 
LOK |0 003 DE-627 
LOK |0 004 1094846481 
LOK |0 005 20020606000000 
LOK |0 008 910716||||||||||||||||ger||||||| 
LOK |0 040   |a DE-21  |c DE-627  |d DE-21 
LOK |0 852   |a DE-21 
LOK |0 852 1  |c KB 2 A 481-9  |9 00 
LOK |0 935   |a krim 
LOK |0 936ln  |a k7.3.2.5 
LOK |0 939   |a 16-07-91  |b l01 
ORI |a SA-MARC-krimdoka001.raw 
SIG |a UB: KB 2 A 481-9